000
00287nam a2200121Ia 4500
008
191201s2019 xx 000 0 und d
100
_a
KIYOSAKI, Robert T
245
0
_a
Rich Dad Poor Dad
260
_a
N.Delhi
_b
Warner Books
300
_a
266
650
_a
General Books
942
_2
ddc
_c
BK
999
_c
1544
_d
1544